000 00579nam a2200217 4500
003 LK-CoMWRAF
005 20231202132104.0
008 231202b2007 |||||||| |||| 00| 0 eng d
020 _a9789066658721
040 _aLK-CoMWRAF
_dLK-CoMWRAF
_eLK-CoMWRAF
041 _aeng
082 _a305.48
_bWOM
245 _a Women, feminism & fundamentalism
260 _aAmsterdam:
_bHumanistics University Press,
_c2007
300 _a 159 p. : ill. ; 24 cm.
650 _aFEMINISM
650 _aFundamentalism
700 _aDubel, Ireen
700 _aVintges, Karen
942 _cBK
999 _c4273
_d4273